Seinfeld Quotes - Statistics

General Stats
  • This quiz has been taken 92 times
  • The average score is 14 of 25
Answer Stats
Insanity Later % Correct
These {pretzels} are making me thirsty.
95%
If every instinct you have is wrong, then the {opposite} would have to be right.
93%
It’s not a {lie} if you believe it.
93%
The {jerk} store called; they're running out of you!
93%
The {sea} was angry that day, my friends.
87%
I just couldn’t decide if he was really {sponge}-worthy.
85%
Three squares? You can’t {spare} three squares?
85%
You most likely know it as Myanmar, but it will always be {Burma} to me.
77%
You find yourself in the kitchen, you see an eclair in the receptacle, and you think to yourself, 'What the hell, I'll just eat some {trash}.'"
68%
Looking at {cleavage} is like looking into the sun. You don't stare at it.
63%
And you want to be my {Latex} salesman.
61%
I'm afraid it's your urine, Elaine. You've tested positive for {opium}.
60%
See, you know how to take the {reservation}, you just don’t know how to hold the {reservation}.
56%
Poppie's a little {sloppy}.
47%
Who leaves a country packed with {ponies} to come to a non-{pony} country. It doesn't make sense.
47%
If people would only look to the {cookie} all our problems would be solved.
45%
"I'll sniff out a deal. I have a sixth sense." "{Cheapness} is not a sense."
40%
As far as I can tell, your entire enterprise is little more than a solitary man with a messy apartment which may or may not contain a {chicken}.
37%
George Costanza's {handicapped} bathroom on the sixteenth floor is now open to all employees and their families.
32%
Boy, a little too much {chlorine} in that gene pool.
25%
Some charlatan has stolen a {Ziggy} and passed it off as his own.
19%
I don't have {grace}, I don't want {grace}, I don't even say {grace}.
17%
I’m like a phoenix rising from {Arizona}!
16%
You think people will still be using {napkins} in the year 2000? Or is this mouth vacuum thing for real?
11%
You're an errand girl sent by {grocery} clerks to collect a bill.
5%
No matching quizzes found
Score Distribution
Percent of People with Each Score
Percentile by Number Answered
Your Score History
You have not taken this quiz